Φωτοποιήματα : εικόνες απο τη φύση της Σάμου = Photo creations : pictures of nature in Samos

Αποθηκεύτηκε σε:
Λεπτομέρειες βιβλιογραφικής εγγραφής
Άλλοι συγγραφείς: Δημητρίου, Τηλαύγης (Φωτογράφος)
Μορφή: Βιβλίο
Γλώσσα:Greek
Δημοσίευση: [Αθήνα] : Πνευματικό Ίδρυμα Σάμου "Νικόλαος Δημητρίου", 2004.
Θέματα:
Ετικέτες: Προσθήκη ετικέτας
Δεν υπάρχουν, Καταχωρήστε ετικέτα πρώτοι!

MARC

LEADER 00000cam a2200000 i 4500
001 1/88749
008 051109s2004####gr | | ||| |||| ||gre||
020 |a 9607813162  
035 |l 10081156 
040 |a GR-MyUA  |b gre  |e AACR2 
041 0 |a gre 
082 0 |a 779.98891  |2 (22) 
100 1 |a Δημητρίου, Τηλαύγης,  |e pht 
245 1 0 |a Φωτοποιήματα :   |b εικόνες απο τη φύση της Σάμου = Photo creations : pictures of nature in Samos /   |c Τηλαύγης Δημητρίου ; κείμενα Μαρία Μένγκ ; μετάφραση (αγγλικά) Μόσχα Δαναλή.  
246 1 |i Παράλληλος τίτλος:   |a Photo creations :   |b pictures of nature in Samos 
260 |a [Αθήνα] :   |b Πνευματικό Ίδρυμα Σάμου "Νικόλαος Δημητρίου",   |c 2004.  
300 |a [62] σ. :   |b φωτ. ;   |c 22 εκ.  
651 0 |a Samos (Greece : Municipality)  |x Pictorial works. 
852 |a INST  |b LESVOS  |e 20060720  |h 779.98891 ΔΗΜ  |p 005100036376  |q 005100036376  |t BK  |y 0 
852 |a INST  |b SAMOS  |e 20051109  |h 779.98891 ΔΗΜ  |p 005300024795  |q 005300024795  |t BK  |y 0 
901 |a BIBL3-2005-3 
901 |a BIBL1-2006-2 
909 |a Σ  |b 114854 
909 |a Λ  |b 124343 
970 |a ΜΑΛΑΓΑΡΗ  |b ΦΩΤΕΙΝΗ  |z 2005/11/09